000 00621nam a2200217 i 4500
001 bg
245 0 0 _aMarketing i statystyka :
_bseminarium, Warszawa 13 października 1999.
260 _aKraków :
_bStatSoft,
_c1999.
300 _a56 s. :
_brys., wykr. ;
_c24 cm.
650 9 _aMarketing
_xmetody
650 9 _aRynek
_xbadanie
_xmetody
650 9 _aStatistica (informat.)
_xstosowanie
655 _aMateriały konferencyjne
020 _a8390473593
040 _cBPK
041 0 _apl
080 _a339.138:311:004.42](061)
920 _a83-904735-9-3
942 _cKS
008 s pl f |000 0 pol
999 _c36606
_d36606
856 _uhttp://koha.tu.koszalin.pl/cgi-bin/koha/opac-detail.pl?biblionumber=36606
_yKatalog online BPK